[Event "Haiwan Cup New Star 2019"]
[Site "Shanghai"]
[Date "2019.09.04"]
[Round "1.1"]
[White "Khanin, Semen"]
[Black "Gukesh D"]
[Result "1/2-1/2"]
[WhiteElo "2503"]
[BlackElo "2535"]
[Annotator "TA"]
[PlyCount "60"]
[EventDate "2019.09.04"]
[EventType "tourn"]
[EventCountry "CHN"]
[SourceTitle "playchess.com"]
[Source "ChessBase"]
[SourceQuality "1"]

{[%evp 10,60,24,18,38,37,41,49,39,13,18,18,28,17,25,3,6,0,14,0,0,0,0,0,0,0,0,0,0,-8,-4,-17,0,0,0,0,0,0,0,0,0,-4,0,0,0,0,0,0,0,0,0,0,0]} 1. e4 c5 2. Nf3 d6 3. d4 cxd4 4. Nxd4 Nf6 5. Nc3 a6 6. f3 h5 {B90: Sicilian Najdorf: Unusual White 6th moves, 6 Be3 Ng4 and 6 Be3 e5} (6... e5 7. Nb3 Be6 8. Be3 Nc6 9. Qe2 Rc8 10. O-O-O Na5 11. Qd2 b5 12. Kb1 Nc4 13. Bxc4 bxc4 14. Nc1 Rb8 15. N1e2 Qc8 16. Ka1 Qb7 {½-½ (31) Yu,Y (2761)-Grandelius,N (2694) Astana 2019}) 7. Bg5 e6 8. Qd2 Be7 {White is slightly better.} 9. h4 $146 ({Predecessor:} 9. O-O-O b5 10. h4 Bb7 11. Bd3 Nbd7 12. Rhe1 Rc8 13. Kb1 Ne5 14. f4 Nxd3 15. cxd3 {1-0 (42) Korneev,O (2607)-Komljenovic,D (2481) Coria del Rio 2007}) 9... b5 10. a4 bxa4 11. Rxa4 O-O 12. Be2 Bd7 {The position is equal.} 13. Ra2 Nc6 14. Nxc6 Bxc6 15. O-O d5 16. exd5 Nxd5 17. Nxd5 Bxd5 18. Bxe7 ({But not} 18. Rxa6 $2 Rxa6 19. Bxe7 Qxe7 $19) 18... Qxe7 19. Ra4 Bc6 20. Rd4 e5 21. Rd6 Rac8 22. Rd1 Bb5 23. Rd5 Qxh4 24. Bxb5 axb5 25. Qe2 Rfd8 26. Rxd8+ Rxd8 27. Rxd8+ Qxd8 28. Qxe5 Qd1+ 29. Kh2 Qxc2 30. Qxb5 Qc7+ {Accuracy: White = 57%, Black = 71%.} 1/2-1/2

[Event "Haiwan Cup New Star 2019"]
[Site "Shanghai"]
[Date "2019.09.04"]
[Round "1.2"]
[White "Dai, Changren"]
[Black "Li, Di"]
[Result "1-0"]
[WhiteElo "2512"]
[BlackElo "2538"]
[Annotator "TA"]
[PlyCount "98"]
[EventDate "2019.09.04"]
[EventType "tourn"]
[EventCountry "CHN"]
[SourceTitle "playchess.com"]
[Source "ChessBase"]
[SourceQuality "1"]

{[%evp 15,98,0,0,0,12,0,0,0,18,16,18,7,22,36,34,29,96,90,66,96,60,-56,-45,-210,-214,-333,-332,-308,-322,-318,-192,-189,-191,-196,-24,-60,358,332,543,548,523,481,589,-74,-77,-96,19,41,46,40,49,47,395,0,242,206,517,517,517,517,517,517,517,510,510,510,510,510,502,502,698,672,1085,1184,1155,1148,3452,3452,5114,5114,4132,2897,29988,29989,29990]} 1. e4 e5 2. Nf3 Nc6 3. Bb5 Nf6 4. d3 Bc5 5. c3 O-O 6. O-O d5 7. Nbd2 dxe4 8. dxe4 Qe7 9. Qe2 {C00: French: Unusual White 2nd moves} (9. b4 Bd6 10. a3 a5 11. Rb1 axb4 12. axb4 Be6 13. Re1 Rfd8 14. Qc2 h6 15. Bf1 Ra2 16. Bb2 Qe8 {½-½ (56) Carlsen,M (2835)-Kramnik,V (2777) Wijk aan Zee 2019}) 9... a5 10. Ba4 Nb8 11. Nc4 {The position is equal.} Nbd7 12. Bg5 $146 ({Predecessor:} 12. Ne3 Bxe3 13. Qxe3 Nc5 14. Bc2 a4 15. Re1 b6 16. Nh4 Re8 {½-½ (76) Abdumalik,Z (2473)-Padmini,R (2341) Khanty-Mansiysk 2018}) 12... c6 13. Ne3 Nb6 14. Bc2 h6 15. Bh4 g5 (15... Re8 $11 {remains equal.}) 16. Nxg5 $1 $16 (16. Bg3 $6 Nh5 $11) 16... hxg5 17. Bxg5 Kg7 18. Kh1 (18. Rad1 $14) 18... Rh8 $1 $15 19. f4 $2 (19. Qf3 $15) 19... Nh5 $19 20. Qf3 (20. Bxe7 $2 Ng3+ 21. Kg1 Nxe2+ 22. Kf2 Bxe3+ 23. Kxe3 Nxf4 $19) (20. Qxh5 {was necessary.} Rxh5 21. Bxe7 Bxe7 22. f5) 20... f6 21. Bh4 exf4 (21... Nxf4 22. g3 $19) 22. Ng4 {White wants to play e5.} Nd7 23. g3 fxg3 24. Bxg3 f5 $2 (24... Nf8 $1 $19 {White must now prevent ...Ng6.} 25. Bf2 Ng6 26. Nxf6 Nxf6 27. Bxc5 Qe5 28. Qxf6+ Qxf6 29. Rxf6 Kxf6 30. Bd4+ Ke7 31. Bxh8 Nxh8) 25. exf5 {[#]} Nxg3+ $4 {[%mdl 8192]} (25... Qe2 $1 $15 {[%mdl 512] keeps the upper hand.} 26. Bb3 (26. Qxe2 $2 Nxg3+ 27. Kg2 Nxe2 $19) (26. Be5+ Nxe5 27. Qxe2 Ng3+ {[%mdl 64] Double Attack} 28. Kg2 Nxe2 $17) 26... Qxf3+ 27. Rxf3 Re8) 26. Qxg3 $18 {Strongly threatening f6+.} Qg5 $2 (26... Qh4 {might work better.} 27. Qc7 Re8) 27. f6+ Kf8 28. Rf5 Qd2 29. Bb3 $2 (29. Bd3 $18 Qxb2 30. Re1 Qxc3 31. f7 (31. Ne5 Rg8 $11)) 29... Bd6 $1 $17 {[%cal Rd6g3]} (29... Qxb2 $2 30. Rd1 $18) 30. Qg1 {And now Rd1 would win.} Nc5 (30... Qxb2 31. Rf2 $14) (30... a4 $17 31. Be6 Nb6 $1 {[%mdl 512]} 32. Bxc8 Rxc8) 31. Rd1 $11 Bxf5 32. Rxd2 $40 {[%mdl 128] White mounts an attack.} Be4+ 33. Rg2 $1 {Threatens to win with Qd4!} Rh4 $2 {[%mdl 8192]} (33... Nxb3 $14 34. axb3 Re8) 34. Qd4 $2 (34. Bc2 $18 Bd5 35. Ne5 $1 {[%mdl 512]}) 34... Rd8 $2 {[#]} (34... Bxh2 $1 $11 {and Black has nothing to worry.} 35. Qd1 (35. Qc4 $2 Bd5 $19) 35... Bc7+ 36. Kg1 Bxg2 37. Kxg2 Re8) 35. Kg1 $1 $18 Nxb3 $2 ({And not} 35... Bxh2+ 36. Nxh2 Bd5 37. Qxc5+ Rd6 38. Qxd6+ Kf7 39. Qe7#) (35... Bxg2 36. Kxg2 a4) 36. Qxe4 Bc5+ 37. Rf2 Rd2 {aiming for ...Rxf2.} 38. Qg6 {White threatens Qg7+ and mate.} Rxg4+ 39. Qxg4 {White wants to mate with Qg7+.} Rxf2 40. Qc8+ Kf7 41. Qxb7+ {[%mdl 64] Double Attack} ({Not} 41. axb3 Rxb2+ 42. Kf1 Rxb3 $18) 41... Kg6 {...Nd2 is the strong threat.} 42. axb3 {[%cal Ba2b3,Bb3a4][%mdl 32]} Rxb2+ {[%mdl 4096] Endgame KQ-KRB} 43. Kh1 a4 44. Qg7+ Kf5 45. bxa4 Ke4 46. Qg4+ Kd3 47. Qf5+ Kc4 48. f7 Rb1+ 49. Qxb1 Kd5 {Accuracy: White = 56%, Black = 29%.} 1-0

[Event "Haiwan Cup New Star 2019"]
[Site "Shanghai"]
[Date "2019.09.04"]
[Round "1.3"]
[White "Liu, Yan"]
[Black "Tahbaz, Arash"]
[Result "1/2-1/2"]
[WhiteElo "2524"]
[BlackElo "2471"]
[Annotator "TA"]
[PlyCount "135"]
[EventDate "2019.09.04"]
[EventType "tourn"]
[EventCountry "CHN"]
[SourceTitle "playchess.com"]
[Source "ChessBase"]
[SourceQuality "1"]

{[%evp 9,135,7,12,8,2,0,5,-1,0,-11,-8,-12,-8,-24,18,-8,18,18,18,18,18,18,18,18,14,10,20,19,18,21,12,16,18,12,0,5,35,-4,-14,-39,-34,-34,-34,-42,-41,-47,-54,-75,0,0,0,0,0,0,0,0,0,0,0,0,0,-31,-29,-73,-20,-20,-10,-12,0,0,0,0,0,0,0,0,0,0,0,0,0,0,0,0,0,0,0,-89,-90,-89,-95,-88,-89,-95,0,0,0,0,0,0,0,0,0,0,0,0,0,0,0,0,0,0,0,0,0,0,0,0,0,0,0,0,0,0,0,0,0,0]} 1. Nf3 d5 2. e3 Nf6 3. c4 e6 4. Nc3 b6 5. b3 Bb7 6. Bb2 {A17: English Opening: 1...Nf6 with ...Bb4} Nbd7 7. cxd5 exd5 8. d4 Bd6 9. g3 O-O 10. Bg2 Ba6 11. a3 c5 12. Ne2 $146 ({Predecessor:} 12. b4 Bc4 13. Nd2 cxb4 14. axb4 {1-0 (26) Parligras,M (2633)-Stefansson,H (2558) Reykjavik 2019}) 12... c4 13. bxc4 Bxc4 14. Nd2 b5 15. Nxc4 bxc4 16. O-O Rb8 17. Bc3 Rb3 18. Bb4 Bxb4 19. axb4 Qb8 20. Nf4 Qb7 21. Rb1 Rxb1 22. Qxb1 Rb8 23. Qf5 {[%cal Rf4d5]} g6 24. Qg5 {[%cal Rg2d5]} Kg7 25. Nxd5 Qb5 $1 {Threatens to win with ...h6.} 26. e4 $1 Nxd5 27. exd5 Qxb4 28. Qf4 c3 (28... a5 $17 29. h4 h5) 29. Qc7 $11 Rb7 30. Qc8 a5 {And now ...a4 would win.} 31. Rc1 a4 32. Qxc3 Qxc3 33. Rxc3 {[%mdl 4096] Endgame KRB-KRN} Rb1+ 34. Bf1 Nb6 35. d6 Kf6 36. Kg2 Ke6 (36... Rb4 $1 $17) 37. Bc4+ Kxd6 38. Bxf7 Rd1 39. Bg8 h6 40. Re3 Rxd4 41. Re6+ Kc5 42. Rxg6 Rd6 43. Rg7 Rd7 44. Rxd7 Nxd7 {KB-KN} 45. f4 Nf6 46. Ba2 $1 Nd5 {White must now prevent ...Nc3.} 47. Kf3 Nc3 48. Be6 (48. Bf7 $1 $11 {keeps the balance.}) 48... Kd4 $1 $17 {Strongly threatening ...Nd5.} 49. g4 {[#]} Nd5 $1 50. g5 hxg5 51. fxg5 {[#]} Ke5 ({Black should try} 51... a3 $1 $17 {[%cal Ra3a2]} 52. g6 (52. Bxd5 Kxd5 53. g6 Ke6 54. h4 a2 55. Ke3 a1=Q 56. Ke2 Qf6 57. h5 Qe5+ 58. Kd3 Qxh5 59. g7 Qg6+ 60. Kd4 Qxg7+ 61. Kd3 Kd5 62. Ke3 Qg3+ 63. Kd2 Kc4 64. Ke2 Kc3 65. Kf1 Qh2 66. Ke1 Qg2 67. Kd1 Qf1#) 52... a2) 52. Bf7 $1 $11 {The position is equal.} (52. Bxd5 Kxd5 53. g6 Ke6 54. h4 a3 55. g7 Kf7 56. Kg4 a2 57. Kf5 a1=Q 58. Ke4 Qc3 59. g8=R Kxg8 60. Kd5 Kg7 61. Kd6 Qc4 62. Ke5 Qxh4 63. Kd5 Kf6 64. Kc6 Qb4 65. Kd5 Kf5 66. Kc6 Ke6 67. Kc7 Qb5 68. Kc8 Kd6 69. Kd8 Qd7#) 52... a3 {aiming for ...a2.} 53. g6 $1 (53. Bxd5 Kxd5 54. g6 Ke6 55. h3 Kf6 56. Ke3 a2 57. Ke4 a1=Q 58. g7 Kxg7 59. Kd5 Qc3 60. h4 Kf6 61. h5 Kg5 62. Kd6 Kxh5 63. Kd5 Kg6 64. Ke4 Kf6 65. Kd5 Qb4 66. Kc6 Ke6 67. Kc7 Qb5 68. Kc8 Kd6 69. Kd8 Qd7#) 53... a2 54. g7 a1=Q {( -> ...Qf1+)} 55. g8=Q {Intending Qg7+ and mate.} Qf1+ 56. Kg3 Qg1+ 57. Kh3 $1 Nf4+ 58. Kh4 Ng2+ 59. Kh3 {Qg5+ is the strong threat.} Nf4+ 60. Kh4 Qxh2+ 61. Kg5 Qg3+ (61... Qg1+ {feels hotter.} 62. Kh6 Qb6+ 63. Kg7 Qf6+ 64. Kh7 Qh4+) 62. Kh6 Qh4+ 63. Kg7 Qf6+ 64. Kh7 Qf5+ 65. Kh8 Qh3+ 66. Qh7 Qc8+ 67. Qg8 Qxg8+ 68. Kxg8 {Accuracy: White = 74%, Black = 71%.} 1/2-1/2

[Event "Haiwan Cup New Star 2019"]
[Site "Shanghai"]
[Date "2019.09.04"]
[Round "1.4"]
[White "Martirosyan, Haik M."]
[Black "Bai, Jinshi"]
[Result "1/2-1/2"]
[WhiteElo "2608"]
[BlackElo "2591"]
[Annotator "TA"]
[PlyCount "99"]
[EventDate "2019.09.04"]
[EventType "tourn"]
[EventCountry "CHN"]
[SourceTitle "playchess.com"]
[Source "ChessBase"]
[SourceQuality "1"]

{[%evp 12,99,11,11,20,8,24,14,18,15,7,8,12,0,0,0,10,-4,46,0,-7,-15,-16,-19,-10,-21,0,0,0,7,16,0,0,0,0,0,0,-76,-76,-97,-102,-145,-147,-134,-137,-135,-135,-136,-137,-137,-140,-140,-142,-169,-164,-205,-205,-187,-195,-192,-147,-149,-106,-175,-173,-181,-137,-321,-134,-1061,-972,-29980,-29981,-12353,0,0,0,0,0,0,0,0,0,0,0,0,0,0,0,0]} 1. d4 d5 2. c4 c6 3. Nf3 Nf6 4. Nc3 dxc4 5. a4 e6 6. e3 c5 7. Bxc4 cxd4 {D16: Slav Defence: 5 a4: Lines with 5...Bg4 and 5...Na6} 8. exd4 Be7 9. O-O O-O 10. Qe2 (10. d5 exd5 11. Nxd5 Nxd5 12. Bxd5 Nd7 13. h3 Nf6 14. Bc4 b6 15. Qb3 {½-½ (30) Nakamura,H (2746)-Shankland,S (2731) Saint Louis 2019}) 10... Nc6 11. Rd1 Nb4 12. Ne5 Bd7 13. Bg5 Rc8 14. a5 Bc6 $146 ({Predecessor:} 14... Nfd5 15. Bxd5 Nxd5 16. Nxd5 Bxg5 17. Nc3 Bf6 18. a6 b6 19. Nxd7 Qxd7 20. Nb5 Rc6 21. Rac1 Rfc8 22. Rc3 Rxc3 {0-1 (22) Thybo,J (2525)-Warmerdam,M (2448) Skopje 2019}) 15. Nxc6 (15. Nxf7 $14 Rxf7 16. Bxe6) 15... bxc6 $11 16. Bf4 Bd6 17. Be5 Nbd5 18. Bxd5 Nxd5 19. Ne4 Bxe5 20. dxe5 Rb8 21. Rdc1 Rb5 22. Rxc6 Qb8 23. Nd6 Rxb2 24. Rc2 {[#]} (24. Qc4 $11 {keeps the balance.}) 24... Nf4 $1 $17 {[%cal Rf4e2]} 25. Qc4 {[#]} Qa8 $1 {[%csl Gf4][%cal Ra8g2][%mdl 512]} 26. f3 Rxc2 {[%mdl 64] Overworked Piece} 27. Qxc2 Qd5 {White must now prevent ...Qd4+.} 28. Qb2 Nd3 29. Qc3 Nxe5 30. Ne4 Nc4 31. a6 Rc8 32. Rc1 {Threatening Nd2!} f5 33. Nf2 Nd6 34. Qe3 Rxc1+ 35. Qxc1 Qd4 36. g3 e5 37. Qc6 (37. Qc2 $17) 37... e4 $19 38. fxe4 fxe4 {And now ...h6 would win.} 39. Qd7 $2 {[#]} (39. Kg2 $17) 39... h6 (39... e3 $1 $19 {[%cal Re3f2] has better winning chances.} 40. Qd8+ Kf7 41. Qd7+ Kg6 42. Qe6+ Kh5) 40. Kg2 $2 {[%mdl 8192]} (40. Qg4 $17) 40... e3 41. Ng4 Qe4+ 42. Kf1 Nf5 $2 (42... Qd3+ $19 43. Kg2 Qe2+ 44. Kg1 Qd1+ 45. Kg2 e2 46. Qe6+ Kf8) 43. Qc8+ $1 $11 {The position is equal.} Kh7 {[#]} 44. Nf6+ $1 {[%mdl 512]} gxf6 45. Qb7+ Qe7 46. g4 $1 {[%cal Rg4f5]} e2+ 47. Ke1 Kg8 48. gxf5 Qe3 49. Qc8+ Kg7 50. Qb7+ {Accuracy: White = 38%, Black = 70%.} 1/2-1/2

[Event "Haiwan Cup New Star 2019"]
[Site "Shanghai"]
[Date "2019.09.05"]
[Round "2.1"]
[White "Gukesh D"]
[Black "Bai, Jinshi"]
[Result "0-1"]
[WhiteElo "2535"]
[BlackElo "2591"]
[Annotator "TA"]
[PlyCount "52"]
[EventDate "2019.09.04"]
[EventType "tourn"]
[EventCountry "CHN"]
[SourceTitle "playchess.com"]
[Source "ChessBase"]
[SourceQuality "1"]

{[%evp 9,52,28,17,13,12,0,0,0,0,0,0,0,14,8,15,15,14,-56,-60,-66,95,90,97,93,91,98,99,86,86,80,12,-63,-135,-241,-233,-260,-221,-282,-282,-496,-488,-642,-612,-29997,-29998]} 1. Nf3 Nf6 2. c4 g6 3. g3 Bg7 4. Bg2 c5 5. d4 d5 (5... O-O 6. Nc3 cxd4 7. Nxd4 Qc7 8. Nd5 Nxd5 9. cxd5 Qb6 10. Nb3 d6 11. O-O Bd7 12. Be3 Qa6 13. Bd4 Qa4 14. Bxg7 Kxg7 15. Qd4+ Qxd4 16. Nxd4 {½-½ (28) Ding,L (2805)-Vachier Lagrave,M (2780) Abidjan 2019}) 6. dxc5 {A30: Symmetrical English: Double Fianchetto and Hedgehog} Qa5+ 7. Nfd2 $146 ({Predecessor:} 7. Nbd2 Nc6 8. O-O dxc4 9. Nxc4 Qxc5 10. b3 O-O 11. Bb2 Qh5 12. a3 Bg4 13. Ra2 Rad8 14. Qa1 Ne8 15. Ne3 Bxf3 16. Bxf3 Bxb2 17. Rxb2 Qe5 18. Nc4 Qe6 {0-1 (42) Marsenic,L (2047)-Dedeic,H Podgorica 2019}) 7... dxc4 8. Nc3 {The position is equal.} Qxc5 9. Qa4+ $1 Nc6 10. Nxc4 Ng4 11. O-O {Strongly threatening h3.} Bxc3 12. bxc3 b5 $1 {[%cal Rb5a4]} 13. Ba3 (13. Bxc6+ $1 $11 Qxc6 14. Na5 bxa4 15. Nxc6) 13... Qh5 $1 $15 {[%csl Gg4][%cal Rh5h2]} 14. h3 $1 (14. Bxc6+ $2 Kf8 $19) 14... Nge5 $2 (14... bxa4 $15 15. Bxc6+ Kf8 16. hxg4 Bxg4 17. Bxa8 Bxe2 {[%mdl 64] Double Attack}) 15. Nd6+ $16 (15. Qxb5 $2 Nf3+ $1 {[%mdl 512]} 16. exf3 Qxb5 $19) ({Of course not} 15. g4 bxa4 16. gxh5 Bxh3 $11) 15... exd6 16. Bxc6+ $1 Nxc6 17. Qe4+ Kd7 {[#] Threatens to win with ...Re8.} 18. Rfd1 $1 {[%mdl 512]} Bb7 19. Rxd6+ Kc7 20. Qf4 ({White should try} 20. Rd5 $1 $11 Qxh3 21. c4) 20... Ne5 $15 {Hoping for ...Rae8.} 21. Rf6 {[#]} (21. Rd3 $17 Kc8 22. Re3 Qxh3 23. f3) 21... Rae8 $1 $19 {[%cal Ba8e8,Be8e2,Be2g2][%mdl 32]} 22. f3 {And now g4 would win.} Kc8 ({Not} 22... Qxh3 23. Bd6+ Kc8 24. Bxe5 $14) 23. Bd6 {[#] g4 is the strong threat.} Nd7 $1 {[%mdl 64] Discovered Attack} 24. Rxf7 $2 (24. e4 Nxf6 25. Qxf6 Qxh3 26. g4 Rxe4 27. Qxh8+ Kd7 28. Kf2 Rxg4 29. fxg4 Qf3+ 30. Ke1 Qh1+ 31. Kd2 Qxa1 32. Bb4 Qb2+ 33. Kd3) 24... Rxe2 25. Qd4 Rhe8 26. Rxd7 {[#]} Rg2+ $1 {[%mdl 576] Decoy. Accuracy: White = 48%, Black = 76%.} 0-1

[Event "Haiwan Cup New Star 2019"]
[Site "Shanghai"]
[Date "2019.09.05"]
[Round "2.3"]
[White "Li, Di"]
[Black "Liu, Yan"]
[Result "1-0"]
[WhiteElo "2538"]
[BlackElo "2524"]
[Annotator "TA"]
[PlyCount "166"]
[EventDate "2019.09.04"]
[EventType "tourn"]
[EventCountry "CHN"]
[SourceTitle "playchess.com"]
[Source "ChessBase"]
[SourceQuality "1"]

{[%evp 17,166,32,38,36,29,30,56,50,73,32,25,31,59,47,42,44,39,45,40,33,37,20,20,-17,32,32,58,61,74,68,71,39,48,15,40,40,43,30,51,51,62,31,58,29,45,0,26,18,7,0,0,0,0,0,0,0,0,0,16,0,31,20,137,122,114,30,249,241,221,237,229,175,145,31,178,189,195,154,156,0,0,0,63,4,19,0,0,0,0,0,8,8,136,125,215,240,230,201,192,65,64,64,63,64,114,12,12,12,12,12,320,319,313,289,256,62,62,62,536,8,8,8,62,35,72,62,634,385,859,805,784,704,2370,262,1214,1238,4922,4922,1652,0,696,687,966,862,1128,1101,786,683,1609,1529,1499]} 1. Nf3 Nf6 2. g3 b6 3. Bg2 Bb7 4. c4 c5 5. Nc3 g6 6. d4 cxd4 7. Qxd4 Bg7 8. O-O Nc6 9. Qf4 Qb8 10. Rd1 {A30: Symmetrical English: Double Fianchetto and Hedgehog} Qxf4 11. Bxf4 Na5 12. Rac1 {White is slightly better.} Nh5 $146 ({Predecessor:} 12... d6 13. b4 Nc6 14. c5 dxc5 15. Ne5 Rc8 16. Nb5 O-O 17. Bxc6 Bxc6 18. Nxa7 {1-0 (26) Iturrizaga Bonelli,E (2653)-Vachier Lagrave,M (2762) Dubai 2014}) 13. Nb5 Nxf4 14. gxf4 Rc8 15. b4 Nc6 $1 16. Ne5 Bxe5 17. fxe5 a6 18. Nc3 {Black must now prevent b5.} Rb8 19. Bxc6 dxc6 20. c5 b5 21. a4 Rd8 22. f3 Rd7 23. Kf2 Kd8 24. Ke3 Kc7 25. Rg1 Rdd8 26. Ra1 Bc8 27. h4 Kb7 28. Ra3 bxa4 29. Rxa4 Be6 30. Raa1 h6 31. Rgd1 Bb3 32. Rd3 (32. Rf1 {with more complications.} Be6 33. Rg1 Rd7 34. Ra3 Rb8 35. f4) 32... Bc4 33. Rd4 Rxd4 34. Kxd4 $11 {[%mdl 4096] Endgame KRB-KRN} Be6 35. Ne4 Rd8+ 36. Kc3 Rd5 37. f4 Bg4 38. Ng3 Rd8 (38... a5 $5) 39. e4 g5 (39... h5 $11) 40. fxg5 hxg5 41. h5 (41. hxg5 $16 {Strongly threatening Nf5.} Rg8 42. Rg1) 41... Bf3 $2 (41... Rh8 $11) 42. Rf1 $18 g4 43. Rf2 Kc7 {[#]} 44. e6 $1 {[%mdl 512]} fxe6 45. Rd2 ({Only move:} 45. Ra2 $16) 45... Rb8 (45... Ra8 $14) 46. Kd4 {[%mdl 1024] White has strong compensation.} Rd8+ (46... Rxb4+ 47. Ke5 $16) 47. Ke3 Rf8 48. Kd4 $2 ({White should play} 48. h6 $16) 48... Rd8+ $11 49. Kc3 {Threatens to win with Rxd8.} Rf8 (49... Rb8 $11) 50. Kb3 (50. Ra2 $14) 50... e5 51. Ka4 Rb8 52. h6 Rh8 53. Rh2 Rh7 54. Ka5 Kb7 (54... Bd1 $11) 55. Rh5 $16 Rh8 (55... Bd1 $16) 56. Rxe5 $18 Rxh6 57. Rxe7+ Kc8 58. e5 ({Much less strong is} 58. Kxa6 Kd8 $16) (58. Rg7 $18) 58... Kd8 $1 $14 {[%cal Rd8e7]} (58... Rh3 $2 59. Nf5 $18) 59. Rg7 Re6 60. Rg5 Re8 61. Kb6 (61. Nh5 $16) 61... Kd7 $11 62. Kb7 Ke6 63. Nh5 {Ng7+ is the strong threat.} Re7+ $2 {[%mdl 8192]} (63... Rf8 $1 $11 {and Black has nothing to worry.}) 64. Kxa6 $18 Kd5 65. Nf6+ Kc4 66. Nxg4 $2 (66. Ka5 $18) 66... Kxb4 $14 67. Kb6 Kc4 $2 {[%mdl 8192] [#]} (67... Kc3 $1 $14) 68. Nf6 $2 (68. e6 $1 $18 {[%mdl 512]}) 68... Kd4 $11 69. Rf5 Bg2 ({Better is} 69... Be2 $11) 70. Rf2 Bh1 71. Ng4 Rg7 $2 {[%mdl 8192]} (71... Kc3 $14) 72. Rd2+ Kc3 $2 (72... Ke4 73. e6 Kf5) 73. Rh2 $18 Bd5 74. Nf6 Re7 75. Rh5 $2 (75. Nxd5+ cxd5 76. Rh5) 75... Bg2 $2 (75... Bb3 76. Rh3+ (76. Kxc6 Kd4 $16) 76... Kc4) 76. Rg5 Bh1 77. Rg1 Bd5 78. Rg5 $2 (78. Nxd5+ $18 cxd5 79. c6 Rxe5 80. Rc1+ Kb4 81. Rc5) 78... Ba2 $2 {[%mdl 8192]} (78... Bh1 $11) 79. Kxc6 {White is clearly winning.} Kd4 80. Nd7 Bd5+ 81. Kc7 Re6 82. Rg4+ Kd3 83. Rf4 Ra6 {Accuracy: White = 45%, Black = 30%.} 1-0